| 000 | 00968nac a22002897a 4500 | ||
|---|---|---|---|
| 001 | BR9300905 | ||
| 003 | BR-BrBNA | ||
| 005 | 20240105121419.0 | ||
| 008 | 230509b bl.|||m| |||| 00| 0 por d | ||
| 040 |
_aBR-BrBNA _bpor _cBiblioteca Nacional de Agricultura |
||
| 072 | _aL50 | ||
| 090 | _a8510 BR9300905 | ||
| 100 | 1 | _aSilva, R.A. e | |
| 100 | 1 | _aSilva, R.A.M.S. | |
| 110 | 1 | _aCentro de Pesquisa Agropecuaria do Pantanal, Corumba, MS (Brasil) | |
| 245 | 1 | _aPerfil bioquimico e hematologico do Caiman crocodilus yacare (Daudin, 1802)no Pantanal Mato-Grossense | |
| 260 | 3 |
_aCorumba, MS (Brasil): _c1990. |
|
| 300 | _a3 p. | ||
| 490 |
_aPesquisa em Andamento - Centro de Pesquisa Agropecuaria do Pantanal (Brazil) _vno. 12 _xISSN 0102-7727 |
||
| 500 | _a5 ref. | ||
| 650 | _aJacare | ||
| 650 | _aBioquimica Animal | ||
| 650 | _aHematologia | ||
| 650 | _aMato Grosso do Sul | ||
| 909 |
_a202312 _bLúcia Elande _c55 _dLúcia Elande |
||
| 942 |
_2AGRIS _n0 _cMS |
||
| 999 |
_c285158 _d285158 |
||